000 00301 a2200145 4500
001 174138
020 _a
040 _cMagnum
100 _aRosa, Joao Guimaraes
240 1 0 _aGrande sertao veredas
_lpor
245 1 0 _aGrande sertao veredas
362 0 _a1899
697 _aA/ROMANCE
942 _cBK
999 _c174138
_d174138